Statistics for Name A Border of Every Asian Country

Click here to take the quiz!

General Stats

  • This quiz has been taken 117 times
  • The average score is 40 of 41

Answer Stats

CountryBorders% Correct
AfghanistanChina | Iran | Pakistan | Tajikistan | Turkmenistan | Uzbekistan
100%
AzerbaijanArmenia | Georgia | Iran | Russia | Turkey
99%
ArmeniaAzerbaijan | Georgia | Iran | Turkey
99%
BangladeshIndia | Myanmar
99%
IranAfghanistan | Armenia | Azerbaijan | Iraq | Pakistan | Turkey | Turkmenistan
98%
ChinaAfghanistan | Bhutan | India | Kazakhstan | Kyrgyzstan | Laos | Mongolia | Myanmar | Nepal | North Korea | Pakistan | Russia | Tajikistan | Vietnam
98%
MyanmarBangladesh | China | India | Laos | Thailand
98%
BhutanChina | India
98%
IraqIran | Jordan | Kuwait | Saudi Arabia | Syria | Turkey
98%
PakistanAfghanistan | China | India | Iran
97%
GeorgiaArmenia | Azerbaijan | Russia | Turkey
97%
IndiaBangladesh | Bhutan | China | Myanmar | Nepal | Pakistan
97%
MalaysiaBrunei | Indonesia | Thailand
97%
LaosCambodia | China | Myanmar | Thailand | Vietnam
97%
NepalChina | India
97%
KyrgyzstanChina | Kazakhstan | Tajikistan | Uzbekistan
97%
KazakhstanChina | Kyrgyzstan | Russia | Turkmenistan | Uzbekistan
97%
MongoliaChina | Russia
97%
North KoreaChina | Russia | South Korea
97%
IndonesiaEast Timor | Malaysia | Papua New Guinea
97%
IsraelEgypt | Jordan | Lebanon | Syria
97%
JordanIraq | Israel | Saudi Arabia | Syria
97%
CambodiaLaos | Thailand | Vietnam
97%
BruneiMalaysia
97%
OmanSaudi Arabia | United Arab Emirates | Yemen
97%
RussiaAzerbaijan | Belarus | China | Estonia | Finland | Georgia | Kazakhstan | Latvia | Lithuania | Mongolia | North Korea | Norway | Poland | Ukraine
96%
East TimorIndonesia
96%
LebanonIsrael | Syria
96%
QatarSaudi Arabia
96%
TajikistanAfghanistan | China | Kyrgyzstan | Uzbekistan
95%
TurkmenistanAfghanistan | Iran | Kazakhstan | Uzbekistan
95%
TurkeyArmenia | Azerbaijan | Bulgaria | Georgia | Greece | Iran | Iraq | Syria
95%
ThailandCambodia | Laos | Malaysia | Myanmar
95%
Sri LankaIndia
95%
SyriaIraq | Israel | Jordan | Lebanon | Turkey
95%
Saudi ArabiaIraq | Jordan | Kuwait | Oman | Qatar | United Arab Emirate | Yemen
95%
South KoreaNorth Korea
95%
United Arab EmiratesOman | Saudi Arabia
95%
YemenOman | Saudi Arabia
95%
UzbekistanAfghanistan | Kazakhstan | Kyrgyzstan | Tajikistan | Turkmenistan
94%
VietnamCambodia | China | Laos
94%

Score Distribution

Percentile by Number Answered

Percent of People with Each Score

Your Score History

You have not taken this quiz